000 00623nam a2200169Ia 4500
008 090123s9999 xx 000 0 und d
082 _b19033
100 _aमांडरे चंद्रकांत
245 _aनिसर्ग चित्रकार
250 _a1
260 _bमहाराष्ट्र शासन शिक्षण
_c1986
600 _aमांडरे चंद्रकांत
630 _aनिसर्ग चित्रकार
700 _aमांडरे चंद्रकांत
730 _aनिसर्ग चित्रकार
942 _cBOOK
999 _c57098
_d57098